000 01151cam a2200325 a 4500
999 _c410
_d410
001 112017
003 GZU
005 20200723113021.0
008 961114s1996 rh b 001 0 eng
010 _a 96981261
020 _a0869226509
035 _a(DLC) 96981261
040 _aDLC
_cDLC
_dDLC
042 _alcode
043 _af-rh---
050 0 0 _aBX8322.Z55
_bBAN 1996
100 1 _aBanana, Canaan.
_eauthor
245 1 0 _aPolitics of repression and resistance :
_bface to face with combat theology /
_cCanaan Sodindo Banana.
246 3 0 _aFace to face with combat theology
260 _aGweru, Zimbabwe :
_bMambo Press,
_c1996.
300 _axiii, 335 p. ;
_c22 cm.
500 _aIncludes bibliographical references (p. 318-329) and index
504 _aIncludes bibliographical references (p. 318-329) and index.
650 0 _aMethodist Church
_zZimbabwe.
650 0 _aChurch and state
_xZimbabwe.
651 0 _aZimbabwe
_xChurch history.
906 _a7
_bcbc
_corigode
_d3
_encip
_f19
_gy-gencatlg
942 _2lcc
_cBK
_h8322.Z55
_iBAN
_kBX